[Event "EU-ch 2nd"]
[Site "Ohrid"]
[Date "2001.06.04"]
[Round "4"]
[White "Azarov, Sergei Nikolaevich"]
[Black "Greenfeld, Alon"]
[Result "0-1"]
[WhiteElo "2452"]
[BlackElo "2570"]
[Annotator "Golod,V"]
[PlyCount "102"]
[EventDate "2001.06.01"]
[EventType "swiss"]
[EventRounds "13"]
[EventCountry "YUG"]
[SourceTitle "CBM 084"]
[Source "ChessBase"]
[SourceDate "2001.09.13"]
[SourceVersion "1"]
[SourceVersionDate "2001.09.13"]
[SourceQuality "1"]

1. e4 c5 2. Nf3 e6 3. d4 cxd4 4. Nxd4 Nc6 5. Nc3 Nf6 6. Nxc6 bxc6 7. e5 Nd5 8.
Ne4 Qc7 9. f4 Qb6 10. Bd3 (10. c4 $5 {See comments to Zubarev,A-Eljanov,P/
Kharkov,2001/CBM 83(1-0)(Golod,V)(55)}) 10... Ba6 11. a3 {[%csl Ya3][%cal
Ya3b4][%mdl 4] This move for the first time was applied twenty three years ago.
} (11. Bxa6 $5 {(it's main line)} Qxa6 12. Qe2 Qxe2+ 13. Kxe2 {You can see
comments to Campora,D-Nunn,J/Leon,1997(1/2-1/2)CBM 60(Rogozenko,D) (20)}) 11...
Be7 {It is the exactest reaction.A little prematurely:} (11... f5 $6 12. exf6
Nxf6 13. Nxf6+ gxf6 14. Qh5+ Ke7 (14... Kd8 $143 15. Bd2 Bxd3 $140 $2 16. Ba5
$16 {[%csl Rb6,Rd8] Kapengut,A-Dvoretzky,M/Ordzhonikidze,1978(0-1)(46)}) 15.
Qe2 Bxd3 16. Qxd3 d5 17. Be3 $36 {[%csl Re7] Zagrapan,P-Bakalar,J/SVK,2000(1/
2-1/2)(49)}) ({or} 11... Ne3 $6 12. Bxe3 Qxe3+ 13. Qe2 Qxe2+ 14. Kxe2 Bxd3+ 15.
Kxd3 Be7 16. c4 $14 {Pozdniakov,S-Kudinov,I/St.Petersburg,1997 (1-0)(46)}) 12.
Bxa6 ({Essentially, but does not give advantage for white:} 12. c4 f5 13. Nd6+
(13. exf6 $6 Nxf6 14. Qe2 Nxe4 15. Qxe4 Bh4+ $1 16. g3 $140 Bf6 {[%csl Re1]}
17. f5 Qa5+ 18. Bd2 Qxf5 19. Qxf5 exf5 20. O-O-O O-O 21. Bb4 Rf7 {=/+/-/+
Serra Fontoya,F-Ayas Fernandez,A/La Bordeta,1999(1/2-1/2)(39)}) 13... Bxd6 14.
cxd5 Bc5 15. Bxa6 Qxa6 16. dxe6 dxe6 17. Qe2 $11 {Dvoretzky,M-Kalinitschew,S/
Ordzhonikidze,1978(1/2-1/2)(37)}) ({It deserves attention:} 12. Qe2 $5 Bxd3 13.
Qxd3 f5 14. Nf2 (14. exf6 $6 Nxf6 $11 {Yurkov,V-Kalinitschew,S/USSR,1978/Inf
25/(431)}) 14... Bc5 15. O-O a5 16. c4 Ne3 17. b4 (17. Bxe3 $5 Bxe3 18. g3 $13)
17... axb4 18. axb4 Rxa1 19. bxc5 Rxc1 $8 20. Rxc1 Qxc5 21. h3 {[%csl Yh3]
[%cal Yh3g4]} Nd5 (21... g5 $5 $132) 22. Rb1 Nxf4 $1 (22... Nb6 $2 23. Qd6 Qxd6
24. exd6 Nc8 25. Rb8 O-O 26. c5 $16 {Pozdniakov,S-Bochkarev,A/St.Petersburg,
1998(1-0)(41)}) 23. Rb8+ Kf7 24. Qxd7+ Kg6 25. Rxh8 Ne2+ 26. Kf1 (26. Kh1 $2
Qxf2 $140 27. Qxe6+ $2 Kg5 28. Qe7+ Kf4 $19 {[%csl Rh1][%cal Gf2g1]}) 26...
Ng3+ 27. Kg1 Ne2+ {1/2-1/2 Tseshkovsky,V-Sveshnikov,E/Tbilisi,1978 (27)}) 12...
Qxa6 13. Qe2 Qxe2+ 14. Kxe2 f5 $5 $146 {Black it is impossible to hesitate,
differently,after the following move of white:с4, they will get in a strip of
difficulties.} ({Was checked in the previous game:} 14... f6 $5 15. c4 Nb6 16.
b3 Rb8 17. Be3 $6 (17. Rf1 $5) 17... O-O {[%csl Re5]} 18. Rhd1 fxe5 19. fxe5
Rf5 $36 {Scheipl,R-Pichler,J/Krumbach,1985(1/2-1/2)(33)}) 15. Nf2 ({After:} 15.
exf6 $6 gxf6 {[%csl Gc6,Gd7,Ge6,Gf6] black has a very strong pawns chain in
the chentre.}) 15... a5 $11 {[%csl Ya5][%cal Ya5b4] Is directed against
white's idea:c4and b4.} 16. c4 $6 {The not compelled easing of the queen side.
Probably,can be recommended:16.Rd1} Nb6 {[%csl Rc4] ׫} 17. Kd3 Bc5 {Black
already own the initiative.} 18. Nd1 (18. Rf1 $143 d5 $1 19. exd6 (19. cxd5
cxd5 $15) 19... O-O-O 20. Kc3 Rxd6 $15 {[%cal Gh8d8]}) 18... d5 19. exd6 $6 {
[%mdl 16384]} ({Very weakly:} 19. b3 {in view of:} dxc4+ 20. bxc4 Rd8+ $17 {
[%csl Rc4]}) ({It was necessary:} 19. cxd5 $5 Nxd5 (19... cxd5 $6 20. Be3 $14)
20. Nc3 $11) 19... O-O-O $1 {[%csl Rc4,Yc8,Gd8,Gh8]} 20. Be3 Rxd6+ 21. Kc2 ({
Badly:} 21. Kc3 $2 {because of:} Rhd8 $1 $17 {[%csl Yb6,Rc5,Gd6,Gd8][%cal
Yb6a4,Ya4c5]}) 21... Bxe3 22. Nxe3 Rd4 $15 {[%csl Rc4,Rf4]} 23. g3 Rhd8 $1 ({
Leads to unclear position:} 23... Nxc4 24. Kc3 Nxe3 25. Kxd4 Nc2+ 26. Ke5 Nxa1
27. Rxa1 Rd8 $132 {[%csl Rb2,Rh2][%cal Gd8d2]}) 24. Rad1 c5 25. b3 $6 {[%mdl
16384] Again strategical blunder,which allows black finally to spoil the
white's pawns of the queens side.Is a possible continuation of the play:} (25.
Kc3 $5 Nxc4 $140 (25... a4 $5) 26. Rxd4 cxd4+ 27. Kxc4 dxe3 28. Re1 Rd2 29.
Rxe3 Rxh2 30. Rxe6 Rxb2 31. Re7 $44) 25... a4 $1 {The punishment has followed!}
26. bxa4 Nxa4 27. Rhe1 Nb6 28. Re2 $2 {[%mdl 8192]} (28. Kc3 $8 Kc7 {=/+/-/+})
28... Nxc4 $1 $19 29. Nxc4 $1 {It is the best practical chance!} (29. Rxd4 $2
cxd4 30. Nxc4 $140 d3+ {[%csl Rc2,Re2]}) 29... Rxd1 30. Rxe6 Rh1 {[%csl Rh2]}
31. Re7 $1 ({Differently it is possible to surrender:} 31. Re2 Rd4 {and so on.}
) 31... Rxh2+ 32. Kc3 g6 {[%csl Yh2][%cal Yh2h7]} 33. Nb6+ Kb8 34. Kc4 (34.
Nd7+ $143 Kc7 35. Nxc5+ Kd6 36. Re5 Rc8 37. Kd4 Rd2+ 38. Ke3 (38. Nd3 Ra8 {
[%csl Ra3]}) 38... Rc2 39. Nd3 Ra8 {[%csl Ra3]}) 34... Rb2 35. Nd7+ Kc7 36.
Ne5+ (36. Nxc5+ Kc6 37. Nd3 (37. Re6+ Rd6 $19) 37... Rc2+ 38. Kb3 Rg2 {[%csl
Rd3,Rg3]} 39. Ne5+ Kd5 40. Rxh7 Rxg3+ {[%csl Rf4][%cal Gd5e4]}) 36... Kd6 37.
Rxh7 Rg8 {[%csl Yg8][%cal Yg8g6]} 38. Rd7+ Ke6 39. Rc7 (39. Kxc5 $2 Rc8+ 40.
Kd4 Rd2+ {[%csl Rd7]}) (39. Rd3 Rc2+ 40. Kb3 Rc1 $19) 39... Rc2+ $1 {The
accuracy never will prevent.} 40. Kd3 $140 Rg2 41. Kc4 Rxg3 42. Rc6+ Ke7 43. a4
g5 44. Rc7+ (44. fxg5 $142 R8xg5 {[%cal Gf5f4]}) 44... Kd8 45. Ra7 gxf4 46. Kd5
R8g7 {[%csl Yg7] It is necessary to secure the king.} 47. Ra8+ Kc7 48. a5 Kb7
49. Rf8 f3 50. Nc6 (50. Rxf5 R3g5 $1 51. Rxf3 Re7 {[%csl Ge5]} 52. Re3 $8 c4
$19 {[%csl Gc4,Yd5,Re5][%cal Gc4c3,Yd5e5,Yd5c4]}) 50... f2 51. a6+ (51. Rb8+
Kc7 (51... Ka6 $4 52. Rb6#)) (51. Rxf5 R7g5) 51... Kxa6 {Whole this game,
despite the white's mistakes Alon Greenfeld conducted very strong.} 0-1

[Event "RUS-ch 54th"]
[Site "Elista"]
[Date "2001.04.30"]
[Round "1"]
[White "Jakovenko, Dmitrij"]
[Black "Filippov, Valerij"]
[Result "1-0"]
[WhiteElo "2521"]
[BlackElo "2632"]
[Annotator "Golod,V"]
[PlyCount "57"]
[EventDate "2001.04.29"]
[EventType "swiss"]
[EventRounds "9"]
[EventCountry "RUS"]
[SourceTitle "CBM 083"]
[Source "ChessBase"]
[SourceDate "2001.07.05"]
[SourceVersion "1"]
[SourceVersionDate "2001.07.05"]
[SourceQuality "1"]

1. e4 c5 2. Nf3 e6 3. d4 cxd4 4. Nxd4 Nf6 5. Nc3 Nc6 6. Nxc6 bxc6 7. e5 Nd5 8.
Ne4 Bb7 $5 9. Be2 (9. c4 $5 {In my opinion, this very interesting reaction on
the previous move of black.See comments to Shabalov,A-Vescovi,G/Paget Parish,
2001/CBM 81(0-1)(Golod,V)(33)}) 9... c5 {/^a8-h1,/\Qc7(קe5)} 10. O-O {With
the idea c4 and Nd6.} ({Dubious immediately:} 10. c4 {in view of:} Ne3 $1 11.
Bxe3 Bxe4 12. f3 Bc6 $11) 10... Qc7 11. Nd6+ ({Also it deserves attention:} 11.
c4 $5 {You can see comments to Shirov,A-Kramnik,V/Frankfurt,2000/CBM 78(1/2-1/
2)(93)(Golod,V)}) ({After:} 11. f4 {black has two equals options: 11...c4 or
11... f5}) 11... Bxd6 12. exd6 Qc6 13. f3 Nb6 $6 (13... c4 $142 {/\Rc8,Qxd6.
You can see comments to Kasparov,G-Grischuk,A/Cannes,2001/CBM 82(1/2-1/2)(48)
(Golod,V)}) 14. Qd2 $146 {[%mdl 8] Absolutely logical novelty.Now Black don't
have "c4" with tempo.} (14. Qd3 $143 c4 15. Qd4 O-O 16. b3 e5 $1 17. Qf2 (17.
Qxe5 $4 Rae8 {[%csl Re2,Ge8]}) 17... cxb3 18. cxb3 Qxd6 $15 {Simutowe,
A-Filippov,V/Bad Woerishofen,2001(1/2-1/2)(45)}) ({Badly right away:} 14. c4 {
because of:} Nc8 15. Bf4 f6 {[%csl Rd6,Yf4][%cal Ge6e5]}) 14... O-O ({Can be
recommended:} 14... c4 $5) 15. c4 $1 {() /\b3,Bb2/^a1-h8} e5 $6 ({In my
opinion it was better:} 15... a5 $5 {/\Nc8,Ra6(קd6).}) 16. b3 Rae8 {Black
weaken the his queen side.} 17. Ba3 $5 $14 {[%csl Ga3,Rc5]} Re6 18. Rad1 {
[%csl Rc5][%cal Gd2a5]} e4 $2 {Again unsuccessful move of the pawn "e".It
already not compelled victim of a material.} (18... f5 $5 19. Qe3 Rc8 $14) 19.
fxe4 f5 $8 {[%csl Rg2]} ({Impossibly:} 19... Qxe4 $2 20. Bf3 $18 {[%csl Rb7]})
({and} 19... Rxe4 20. Bf3 $18) 20. Rf2 $1 $16 Nc8 ({After:} 20... fxe4 21.
Rxf8+ Kxf8 22. Qg5 {[%csl Rf8][%cal Ga3b2,Gd1f1] white has a strong attack and
winning position.}) 21. exf5 Rxd6 22. Qe3 Rxd1+ 23. Bxd1 d6 ({Slightly better
is:} 23... Qe4 24. Qxe4 Bxe4 25. Bxc5 Rxf5 26. Rxf5 Bxf5 27. Bf3 $18 {[%csl
Yc8][%cal Gf3b7]}) 24. Qe6+ Kh8 25. Bf3 $1 Qa6 $140 26. Bxb7 Qxb7 27. f6 $1 $18
{It at once decides destiny of a game.} (27. Bb2 $143 Qf7 28. f6 g6 29. Qxf7
Rxf7 30. Re2 Kg8 {+/-/+-}) 27... gxf6 28. Rxf6 {I think, that in a game was so,
instead of that that is specified in the text:28.Rf1(?) Rg8 29.Rf2 1-0} (28.
Bb2 $5 {[%csl Rh8][%cal Gb2f6]}) 28... Rg8 ({Also loses:} 28... Rxf6 29. Bb2 h6
(29... h5 30. Bxf6+ Kh7 31. Qe8 Nb6 $140 32. Qxh5+ Kg8 33. Qh8+ Kf7 34. Qg7+ {
[%csl Rb7]}) 30. Qxf6+ Kh7 31. g4 $1 $18 {[%csl Yg4][%cal Yg4f5,Yg4h5] /\32.
Qh8+ Kg6 33.Qg8}) 29. Rf2 {[%csl Rh8][%cal Ga3b2] Further resistance is
impossible.} 1-0

[Event "Sanjin Hotel Cup 2nd"]
[Site "Tiayuan"]
[Date "2005.07.20"]
[Round "11"]
[White "Wang, Hao"]
[Black "Zhang, Pengxiang"]
[Result "0-1"]
[WhiteElo "2512"]
[BlackElo "2616"]
[Annotator "Golod,V"]
[PlyCount "100"]
[EventDate "2005.07.09"]
[EventType "tourn"]
[EventRounds "11"]
[EventCountry "CHN"]
[EventCategory "15"]
[SourceTitle "CBM 108"]
[Source "ChessBase"]
[SourceDate "2005.09.26"]
[SourceVersion "1"]
[SourceVersionDate "2005.09.26"]
[SourceQuality "1"]

1. e4 c5 2. Nf3 e6 3. d4 cxd4 4. Nxd4 Nf6 5. Nc3 Nc6 6. Nxc6 bxc6 7. e5 Nd5 8.
Ne4 Bb7 9. c4 Nb4 10. c5 Ba6 11. Bxa6 Nxa6 12. Qd4 Be7 13. O-O O-O 14. Bd2 $1
$146 {Strong novelty. White's idea - to finish development and try to use his
space advantage, unsuccessful position for black knight and weakness of "d7"
pawn.} ({A couple of time ago in this position was checked:} 14. Rd1 $5 {
For further information you can see my annotations to game Svidler,P-Malakhov,
V/Sochi,2005/CBM 107(1/2-1/2)(87)}) 14... Nc7 $140 (14... f5 $6 15. exf6 (15.
Nd6 $5 Bxd6 16. exd6 Rb8 17. Bc3 Rf7 18. b4 $16 {[%csl Ra6]}) 15... Bxf6 16.
Qd3 Nc7 17. Ba5 Qc8 18. Bxc7 Qxc7 19. Rad1 $16 {White is better here thanks to
advantage of his knight over black's bishop.}) 15. Ba5 $1 {[%mdl 32] White's
plan is clear - prevent black's knight from occupying "d5" square.} Qc8 16.
Bxc7 (16. Nf6+ $143 Kh8 17. Qxd7 Qxd7 18. Nxd7 Rfc8 $13 {[%csl Rd7]}) 16...
Qxc7 17. Rad1 $16 Rab8 18. b3 (18. Qxd7 $6 Qxe5 19. Qxa7 Qxe4 20. Qxe7 Qc2 21.
b4 Qxa2 22. Rd4 $14) 18... a5 19. Rfe1 (19. Nf6+ $6 gxf6 $1 (19... Kh8 $143 20.
Qxd7 Qxe5 21. Qxe7 Qxf6 22. Qxf6 gxf6 23. Rd6 $16) 20. exf6 $140 Rb4 21. fxe7
Rxd4 22. exf8=Q+ Kxf8 23. Rxd4 $14) ({Deserves attention:} 19. f4 $5 {in order
to protect "e5" pawn.}) 19... Rb7 20. Rd3 {[%csl Rd7,Rg8][%cal Ge1d1,Gd1d7,
Ge4f6,Gd3g3,Gg3g8] A multi purpose move. White planned to reinforce the
pressure on "d" file and in the same time think about attack after 21.Nf6+} f5
(20... f6 $144) 21. exf6 (21. Nd6 $143 Bxd6 22. Qxd6 Qxd6 23. Rxd6 a4 $132)
21... gxf6 (21... Bxf6 $6 22. Qd6 a4 23. Qxc7 Rxc7 24. b4 Rb7 25. a3 {+/-/+-})
22. Red1 $6 ({Much better was:} 22. Nd6 $5 {in order to close black queen on
queenside.} Rb4 23. Qe3 Bxd6 24. Rxd6 Rf7 25. Red1 $16) 22... Qf4 23. Rf3 Qh6 (
{Could be recommended:} 23... Qe5 $5 24. Qxe5 fxe5 25. Rfd3 Rf4 26. f3 Rxe4 27.
fxe4 Bxc5+ 28. Kf1 Bd4 29. Rg3+ Kf8 30. Ke2 $16) 24. Qc3 a4 25. b4 Rf7 26. a3 {
After closing the queenside, White has an "extra" rook, because the rook on
"b7" is temporarily out of play.} f5 {Attempt to enter black bishop in the
game in case retreat of white knight.} 27. Rh3 ({or} 27. Rg3+ Rg7 28. Nd6 Bxd6
29. Rxd6 Rxg3 30. Qxg3+ Qg7 31. Qf3 $16) 27... Qf8 28. Nd6 Bxd6 29. Rxd6 f4 {
I'm not sure about this move. Probably in the future pawn "f4" could create
problems for Black.} (29... Rg7 $5 30. Rg3 Rxg3 31. Qxg3+ Qg7 32. Qf3 $16) 30.
Rh4 {White continue to keep an advantage, but Black's position is very tough
and it's not an easy task to break it open. Now Wang Hao tries to return his
rook to the game by attacking the "f4" pawn.} Qg7 31. Qf3 $6 ({Exchange of
queens seems promising for White because the rook on "b7" is still out of play:
} 31. Qxg7+ $5 Kxg7 32. f3 Rf5 33. Kf2 $16) 31... Qf6 $2 {Inaccuracy.} (31...
Qa1+ $142 32. Rd1 Qf6 33. Rg4+ Kh8 34. h4 Rb8 {and the rook returns to the
game. After 31...Qf6? Black very quickly finds himself in a hopeless position.}
) 32. Rg4+ Kh8 33. h4 Ra7 {Protecting "a4" pawn.} (33... Rb8 $6 34. Qd1 $16 {
[%cal Gd1d7,Gd1a4]}) 34. Qd1 $18 h6 {Other options are also hopeless:} (34...
Qf5 35. b5 $1 cxb5 $140 36. c6 Ra8 37. Qa1+ Qf6 (37... e5 38. Rg5 $18) 38.
Qxf6+ Rxf6 39. Rxd7 $18) (34... f3 35. g3 $18) (34... Rf8 35. Rxd7 Rxd7 36.
Qxd7 e5 37. Rg5 $18) 35. Rd4 d5 $5 {Desperation.} (35... e5 36. Rd6 $18) (35...
Qe5 36. Qd2 {[%csl Rf4,Rh6]}) 36. cxd6 e5 37. d7 $4 {Mistake in a winning
position. It's hard to say what White missed in his calculations, but after
the last move and couple of following exchanges, his win will be very
problematic.} (37. Rc4 $5 $18 {[%csl Rc6][%cal Gc4c6]}) 37... exd4 38. Rxf4
Raxd7 39. Rxf6 Rxf6 $16 {Thanks to the "d" pawn, Black has good counterchances.
} 40. Qd3 {Black created a new weakness for himself.} h5 $2 (40... Kg7 $142)
41. Kf1 $2 ({Right way to use Black's last move was:} 41. b5 $1 cxb5 $140 (
41... c5 42. Qe2 {[%csl Rh5][%cal Ge2e5,Ge2h5]}) 42. Qxb5 Rfd6 43. Qxh5+ Kg7
44. Qg5+ Kh8 45. Kf1 d3 46. Qe5+ Kh7 47. Ke1 d2+ 48. Kd1 $18) 41... Kg7 42. Ke2
Rg6 43. g3 Rd5 44. Qa6 {Now White has serious technical problems - the "d"
pawn is very dangerous and he needs to take that in consideration:} (44. Kd2
Re6 45. f4 Re3 46. Qa6 Rd6 47. Qxa4 Rxg3 48. Qa7+ Kf6 49. Qc5 Ke7 50. Qe5+ Kd7
51. Qxh5 Rxa3 $13) 44... d3+ 45. Kd2 Re6 $132 46. Qxa4 Re2+ 47. Kd1 Re6 48.
Qa7+ Kg6 (48... Kf6 $5 49. Qb8 $11) 49. Kd2 $4 {Painful blunder leading to
immediate loss.} (49. Qa8 {leads to immediate draw by perpetual check}) ({
But also after:} 49. f4 Kf6 50. Qb8 Ke7 (50... d2 $2 51. Qf8+ Kg6 52. f5+ Rxf5
53. Qg8+ Kf6 54. Kxd2 $18) 51. f5 Rxf5 52. Qc7+ Ke8 {not clear how White could
improve his position in order to play for win.}) 49... Re2+ 50. Kd1 d2 {
[%csl Rd1,Gd2,Yd5,Ge2][%cal Ge2e1]} 0-1

[Event "Kharkov Rector Cup 3rd"]
[Site "Kharkov"]
[Date "2001.04.18"]
[Round "1"]
[White "Zubarev, Alexander2"]
[Black "Eljanov, Pavel"]
[Result "1-0"]
[WhiteElo "2460"]
[BlackElo "2558"]
[Annotator "Golod,V"]
[PlyCount "109"]
[EventDate "2001.04.18"]
[EventType "tourn"]
[EventRounds "10"]
[EventCountry "UKR"]
[EventCategory "13"]
[SourceTitle "CBM 083"]
[Source "ChessBase"]
[SourceDate "2001.07.05"]
[SourceVersion "1"]
[SourceVersionDate "2001.07.05"]
[SourceQuality "1"]

1. e4 c5 2. Nf3 e6 3. d4 cxd4 4. Nxd4 Nf6 5. Nc3 Nc6 6. Nxc6 bxc6 7. e5 Nd5 8.
Ne4 Qc7 9. f4 Qb6 10. c4 Bb4+ 11. Ke2 f5 $5 (11... Ba6 $5 {[%csl Rc4] See
comments to Yagupov,I-Malakhatko,V/St.Petersburg,1999/CBM 74(0-1) (Golod,V)(67)
}) 12. Nf2 ({Does not give advantage:} 12. exf6 Nxf6 13. Be3 Qa5 14. Nxf6+ gxf6
15. Kf2 O-O 16. Bd3 Rf7 17. Qc2 Bf8 18. c5 Ba6 $11 {Wiersma,E-Timoshenko,G/
Groningen,1999 (1/2-1/2)(25)}) 12... Ba6 13. Kf3 Ne7 14. Be3 $5 ({Also it
deserves attention:} 14. Qa4 $5 {You can see comments to De Firmian,N-Shabalov,
A/Seattle,2000/CBM 80(1/2-1/2)  (Golod,V)(40)}) 14... Bc5 ({Very weakly:} 14...
c5 $2 {in view of:} 15. a3 Ba5 $140 16. b4 {[%csl Ra5,Rb6,Ge3]} Qb7+ 17. Kg3 {
[%csl Ra6][%cal Gb4b5]} cxb4 $8 18. axb4 Bxb4 (18... Qxb4 $143 19. Nd3 {
[%csl Ga1,Ra5,Yb4][%cal Yb4a5]} Qc3 $140 20. Rc1 Qa3 21. Bc5 {[%csl Ra3]}) 19.
Qa4 $18 {[%csl Ra6,Rb4] Tseshkovsky,V-Bachin,V/Tomsk,2001(1-0)(42)}) 15. Bxc5
Qxc5 16. Qd6 Qb6 {Clearly that it's best move.} 17. b3 c5 18. Rd1 $5 $146 {
(Shirov,A)This move was recommended three years ago.} ({Was checked in the
previous games:} 18. Be2 $5 Rc8 (18... Nc6 $142 $13 {Shirov,A}) (18... Kf7 $5
19. Rhd1 Rhd8 20. Ke3 Bb7 21. Bh5+ Kf8 22. Bf3 Bxf3 23. gxf3 Rac8 24. Qxb6 axb6
25. Rd6 Rc6 $11 {Adams,M-Ivanchuk,V/Frankfurt,2000(1/2-1/2) (40)}) 19. Rhd1 Rc7
20. Ke3 $1 $14 {See comments to Shirov,A-Krasenkow,M/Polanica Zdroj,1998/ CBM
67(1-0)(Shirov,A)(56)}) ({and} 18. Kg3 Nc8 (18... Qxd6 $143 19. exd6 Nc8 20.
Rd1 Rb8 {[%cal Gb8b6]} 21. Nd3 $14 {[%csl Rc5]}) 19. Qd2 Ne7 20. Be2 Rd8 21.
Bh5+ $6 (21. Rad1 $142) 21... g6 22. Bf3 d5 23. exd6 Rxd6 24. Qe3 g5 $1 $36 {
Rebel_Tiger 12.0e-Nimzo 7.32/Cadaques,2000(0-1)(38)}) 18... Rd8 19. Be2 Kf7 20.
h4 $14 {[%csl Yf4,Yh4][%cal Yf4g5,Yh4g5] White prevent for a long time
progress:"g5",at them spatial and positional advantage.} Bb7+ 21. Ke3 Nc8 ({
Pretty dubious:} 21... Bxg2 {because of:} 22. Rhg1 Qc6 {[%csl Yc6][%cal Yc6g2]}
(22... Bc6 $4 23. Rxg7+ Kxg7 24. Qxe7+ Kg6 (24... Kg8 25. Rg1+) 25. Qf6#) 23.
Nd3 {[%csl Rc5,Rg2]} Nc8 24. Qxc5 $16) 22. Qxb6 axb6 {On the one hand,after
exchange of the queens it is easier to reach up to weakness of black, on the
other hand is improved pawns structure of the black.} 23. Bf3 Bxf3 24. gxf3 $6
{Slightly optimistically.It was better:} (24. Kxf3 d5 25. exd6 Rxd6 26. Nd3 $14
{[%cal Gd3e5]}) 24... d6 25. exd6 Rxd6 26. Rxd6 Nxd6 {[%mdl 4096]} 27. Nd3 {
[%csl Re5][%cal Gd3e5] White's knight is tending on ideal parking "e5".} Kf6
28. a4 {[%csl Yb6,Rc5][%cal Ga4a5,Yb6c5]} Ra8 29. Rh2 Nf7 30. Ra2 Ra5 $11 31.
Ra1 Kg6 $6 {[%csl Rh4][%cal Gg6h5] Pavel Eljanov provoke white on not next
idea!} ({Also can be recommended:} 31... g6) 32. Ne5+ Nxe5 $6 ({Interestingly:
} 32... Kf6 33. Nd7+ Ke7 34. Nxb6 Ra6 35. a5 Nd8 {[%csl Ra5][%cal Gd8c6]} 36.
Rd1 $1 $36 Rxa5 37. Rd7+ Ke8 38. Rxg7 Ra3 $132) 33. fxe5 Ra7 34. Rd1 {<->d} Kh5
35. Rd6 $2 {[%csl Rb6,Re6]} ({Much better is:} 35. Kf4 g6 (35... h6 36. Rd6 $16
) 36. Kg3 $16 {[%csl Rb6,Re6][%cal Gd1d6]}) 35... Kxh4 $1 {[%cal Gh4g3] Now
position of black as the minimum is not worse.} (35... Rb7 $2 36. Kf4 Kxh4 37.
Rxe6 g6 38. Rd6 $18 {[%cal Ge5e6]}) 36. Rxe6 Kg3 37. Rxb6 Re7 $1 38. e6 $140 $2
(38. f4 $142 g5 $132) 38... h5 {[%cal Gh5h4,Gh4h3]} 39. b4 cxb4 $2 $13 ({After:
} 39... h4 $1 40. bxc5 h3 {[%csl Ra4,Rc4,Rc5,Re6,Ye7,Gh3][%cal Ye7a7,Gh3h2]
probably,black has a winning position.}) 40. Kd4 h4 41. Ke5 h3 42. Rxb4 h2 43.
Rb1 Kxf3 $1 {[]} ({Loses:} 43... Kg2 44. c5 h1=Q 45. Rxh1 Kxh1 46. Kd6 Re8 47.
Kd7 Rh8 48. c6 g5 49. c7 g4 50. fxg4 f4 (50... fxg4 $143 51. e7 g3 52. e8=Q
Rxe8 53. Kxe8 g2 54. c8=Q g1=Q 55. Qh3+) 51. e7 f3 52. e8=Q Rxe8 53. Kxe8 f2
54. c8=Q f1=Q 55. Qf5 $18) 44. Kd6 Rb7 $1 {The important intermediate move.}
45. Rc1 Rb6+ 46. Kd7 Rb7+ 47. Kd8 g5 ({Also possibly:} 47... Rb8+ 48. Kd7 $1 (
48. Kc7 $2 Rh8 49. e7 g5 50. Kd7 g4 51. e8=Q Rxe8 52. Kxe8 g3 $19) 48... g5 (
48... Rb7+ $5 49. Kd6 Rb6+ $11) 49. c5 g4 50. c6 g3 51. c7 Rh8 {and see
current game after 51...Rh8.}) 48. c5 g4 49. c6 Rb8+ 50. Kd7 g3 51. c7 Rh8 52.
e7 g2 53. e8=Q h1=Q $4 {Black suppose a decisive mistake in absolute equal
position:} (53... Rxe8 $8 54. Kxe8 h1=Q 55. c8=Q Qh8+ 56. Kd7 Qxc8+ 57. Kxc8
Kf2 58. a5 g1=Q 59. Rxg1 Kxg1 60. a6 f4 61. a7 f3 62. a8=Q f2 $11) 54. Rc3+ Kf4
(54... Kg4 $143 55. Qg6+ {and mate in 6 moves.}) 55. Rc4+ $18 {[%csl Gc4,Ge8,
Rf4]} (55. Rc4+ Kg5 (55... Kf3 56. Rc3+ Kf4 57. Qe3+ {and so on.}) 56. Qe3+ Kh5
57. Qf3+ Kg6 58. Rc6+ Kg5 59. Qg3+ Kh5 60. Qg6+ Kh4 61. Rc4+ f4 62. Qf6+ Kh5
63. Qf5+ Kh4 64. Qxf4+ Kh5 65. Qg4+ Kh6 66. Rc6+ Kh7 67. Qg6#) 1-0